La Organización Mundial de Comercio y los cambios en la política económica de Panamá /
Saved in:
| Main Author: | |
|---|---|
| Format: | Text |
| Tags: |
Add Tag
No Tags, Be the first to tag this record!
|
MARC
| LEADER | 00000 a a2200000 04500 | ||
|---|---|---|---|
| 001 | 48101 | ||
| 003 | |||
| 040 | |||
| 100 | |a Romero, Iván | ||
| 245 | |a La Organización Mundial de Comercio y los cambios en la política económica de Panamá / |c Iván Romero | ||
| 773 | |g número42, (mayo-junio, 1996), páginas 64-72 | ||
| 999 | |c 27979 |d 27979 | ||
